Krompašské Kovohuty spustia novú pec vytvoria ďalšie pracovné miesta

Bibliographic Details
Main Author: Šimoňáková, Mária, 1978- (Author)
Format: Article
Language:Slovak
PhysicalDescription:Fotogr.
ISSN:1335-7590
Subjects:

MARC

LEADER 00000nab a2200000 ar4500
001 vtls009306113
003 SK-MaSNL
005 20260305031111.0
008 080623c20071004xo mr|p|||||||000 b|slo
038 |a SNSK 
040 |b slo  |c SNSK  |e AACR2 
041 |a slo 
044 |a xo  |c SK 
080 |a 005.411  |2 2001 
080 |a 669.162.2  |2 2001 
080 |a 669.013  |x (437.678)  |2 2001 
100 1 |a Šimoňáková, Mária,  |d 1978-  |4 aut  |9 115064 
245 1 0 |a Krompašské Kovohuty spustia novú pec  |b vytvoria ďalšie pracovné miesta  |c Mária Šimoňáková 
300 |b Fotogr. 
610 2 7 |a Kovohuty Krompachy  |2 snsk  |9 125498 
650 0 7 |a anódové pece  |2 snsk  |9 1608706 
650 0 7 |a spustenie prevádzky  |2 snsk  |9 1558179 
651 7 |a Krompachy (Slovensko)  |2 snsk  |9 43389 
651 7 |a Spišská Nová Ves (Slovensko : okres)  |2 snsk  |9 22259 
773 0 |t Spišský Korzár  |g Roč. IX., č. 228 (4.10.2007), s. 3  |x 1335-7590 
852 |a SNSK  |b KIS3GCP 
999 |c 3314674  |d 3316604